Estatísticas para Cultura Geral

Clique aqui para jogar o quiz

Estatísticas Gerais

  • Esse quiz foi jogado 25 vezes
  • A pontuação média é 7 de 15

Estatísticas das Respostas

HintResposta% Correto
As quatro capitais desta indústria são Nova York, Londres, Paris e Milão, a que indústria se refere?Moda
82%
Que tipo de animal aparece no maior número de bandeiras nacionais?Águia
77%
Qual é o único estado dos EUA cujo nome começa com a letra F?Flórida
77%
Qual fase da lua vem depois do "crescente minguante"?Lua Nova
73%
Se você tem insônia, o que você não pode fazer?Dormir
68%
Que tipo de animal era Willy no filme "Free Willy"?Orca
59%
De qual ramo da matemática o estudioso persa Muhammad ibn Musa al-Khwarizmi é considerado o "pai"?Álgebra
55%
Se você pousar no aeroporto John Lennon, em que cidade você está?Liverpool
50%
Qual período geológico veio após o Triássico?Jurássico
45%
Em 2014, um Boeing 777 desapareceu misteriosamente sobre o Oceano Índico. De que país ele descolou?Malásia
45%
Qual personagem matou 394 pessoas ao longo de 24 filmes?James Bond
41%
Qual é o desporto mais popular na Índia?Críquete
36%
Em que país os Smurfs foram inventados?Bélgica
18%
Em que país nasceu Lukas Graham?Dinamarca
14%
Em que jogo você pode obter 50 pontos extras por usar todas as suas peças?Scrabble
0%

Distribuição das Pontuações

Percentil de Números Respondidos

Porcentagem de Pessoas com Cada Pontuação

Sua Pontuação Histórica

Você não jogou esse quiz